[Event "SVR-ch MAT"]
[Site "Heimbach Weis"]
[Date "2017.04.14"]
[Round "8"]
[White "Roos, Elias"]
[Black "Endres, Thomas"]
[Result "0-1"]
[WhiteElo "1691"]
[BlackElo "1841"]
[PlyCount "62"]
[EventDate "2017.04.07"]
[EventType "tourn"]
[EventRounds "9"]
[EventCountry "GER"]
[SourceTitle "EXT 2020"]
[Source "ChessBase"]
[SourceDate "2019.10.17"]
[SourceVersion "1"]
[SourceVersionDate "2019.10.17"]
[SourceQuality "1"]

1. d4 f5 2. Bg5 h6 3. Bh4 g5 4. Bg3 Bg7 5. e3 Nf6 6. Nf3 d6 7. Nbd2 Be6 8. c4 Bf7 9. Qb3 Qc8 10. h3 Nbd7 11. Bd3 e6 12. Bh2 a6 13. Qc2 Qd8 14. e4 f4 15. 0-0-0 Qe7 16. e5 dxe5 17. dxe5 Nh5 18. Rhe1 0-0-0 19. Nb3 Bf8 20. g3 Nc5 21. Nxc5 Qxc5 22. gxf4 Nxf4 23. Bxf4 gxf4 24. Be4 Be7 25. Qb3 c6 26. Qc2 Rhg8 27. Kb1 Bh5 28. Rxd8+ Bxd8 29. Rd1 Bc7 30. Bf5 Qe7 31. Bg4 Bg6 0-1

[Event "SVR-ch MAT"]
[Site "Heimbach Weis"]
[Date "2017.04.07"]
[Round "1"]
[White "Zirwes, Hans Juergen"]
[Black "Endres, Thomas"]
[Result "0-1"]
[WhiteElo "1824"]
[BlackElo "1841"]
[PlyCount "78"]
[EventDate "2017.04.07"]
[EventType "tourn"]
[EventRounds "9"]
[EventCountry "GER"]
[SourceTitle "EXT 2020"]
[Source "ChessBase"]
[SourceDate "2019.10.17"]
[SourceVersion "1"]
[SourceVersionDate "2019.10.17"]
[SourceQuality "1"]

1. d4 d5 2. Nf3 e6 3. Bf4 Nf6 4. Nbd2 c5 5. c3 Nc6 6. e3 Bd6 7. Bg5 h6 8. Bh4 Bd7 9. Bd3 Qb6 10. dxc5 Bxc5 11. Bxf6 gxf6 12. b4 Bd6 13. Qb3 Rc8 14. Rc1 Nxb4 15. Be2 Na6 16. 0-0 Qxb3 17. axb3 Ba3 18. Rc2 Nb4 19. Nd4 Nxc2 20. Nxc2 Bb2 21. c4 b5 22. f4 dxc4 23. bxc4 Bc3 24. Ne4 b4 25. Nd6+ Ke7 26. Nxc8+ Rxc8 27. Nd4 a5 28. Bd3 a4 29. Ne2 Bb2 30. Nd4 a3 31. Nb3 Ba4 32. Na1 Rd8 33. Bc2 Bxc2 34. Nxc2 b3 35. Nb4 Rd2 36. Nc6+ Kd7 37. Na5 Rd3 38. Kf2 a2 39. Ke2 Rc3 0-1

[Event "Rheinland Pfalz op 5th"]
[Site "Worms"]
[Date "2013.06.01"]
[Round "5"]
[White "Denzer, Johannes"]
[Black "Endres, Thomas"]
[Result "0-1"]
[WhiteElo "1478"]
[BlackElo "1823"]
[PlyCount "56"]
[EventDate "2013.05.30"]
[EventType "swiss"]
[EventRounds "7"]
[EventCountry "GER"]
[SourceTitle "EXT 2014"]
[Source "ChessBase"]
[SourceDate "2013.11.20"]
[SourceVersion "1"]
[SourceVersionDate "2013.11.20"]
[SourceQuality "1"]

1. e4 c6 2. d4 d5 3. exd5 cxd5 4. Bd3 Nf6 5. Bf4 Nc6 6. c3 Bg4 7. Qb3 Qd7 8. Nd2 e6 9. Ngf3 Be7 10. h3 Bh5 11. Ne5 Qc8 12. g4 Bg6 13. Bxg6 hxg6 14. Ndf3 Ne4 15. Ke2 g5 16. Be3 f6 17. Ng6 Rh7 18. Nxe7 Nxe7 19. Rac1 Qc4+ 20. Qxc4 dxc4 21. Nd2 Nxd2 22. Bxd2 Nd5 23. Rcf1 Kd7 24. f4 gxf4 25. Bxf4 Rah8 26. Bc1 Rxh3 27. Rxh3 Rxh3 28. Rg1 b5 0-1

[Event "Rheinland Pfalz op 5th"]
[Site "Worms"]
[Date "2013.05.30"]
[Round "1"]
[White "Starostits, Ilmars"]
[Black "Endres, Thomas"]
[Result "1-0"]
[WhiteElo "2477"]
[BlackElo "1823"]
[PlyCount "39"]
[EventDate "2013.05.30"]
[EventType "swiss"]
[EventRounds "7"]
[EventCountry "GER"]
[SourceTitle "EXT 2014"]
[Source "ChessBase"]
[SourceDate "2013.11.20"]
[SourceVersion "1"]
[SourceVersionDate "2013.11.20"]
[SourceQuality "1"]

1. e4 c6 2. d4 d5 3. e5 h5 4. Bd3 Nh6 5. Qxh5 Be6 6. Nh3 g6 7. Qf3 Qd7 8. Ng5 Bg4 9. Qf4 Bf5 10. Bxf5 Qxf5 11. 0-0 Na6 12. c3 e6 13. h3 Be7 14. g4 Bxg5 15. Qxg5 Qd3 16. Be3 Kd7 17. Na3 Rag8 18. Qf6 Ke8 19. Rad1 Qe4 20. Bg5 1-0

[Event "SVR-op 30th"]
[Site "Nickenich"]
[Date "2007.04.01"]
[Round "3"]
[White "Endres, Thomas"]
[Black "Nachtsheim, Franz"]
[Result "0-1"]
[WhiteElo "1718"]
[BlackElo "1983"]
[PlyCount "98"]
[EventDate "2007.03.31"]
[EventType "swiss"]
[EventRounds "7"]
[EventCountry "GER"]
[SourceTitle "EXT 2009"]
[Source "ChessBase"]
[SourceDate "2008.11.26"]
[SourceVersion "1"]
[SourceVersionDate "2008.11.26"]
[SourceQuality "1"]

1. Nc3 Nf6 2. Nf3 g6 3. e4 d6 4. Bc4 Bg7 5. 0-0 0-0 6. d3 c6 7. a4 Nbd7 8. Bf4 Nc5 9. h3 Be6 10. Bxe6 Nxe6 11. Be3 Qd7 12. Ng5 Nxg5 13. Bxg5 h6 14. Bd2 b5 15. Qc1 Kh7 16. Ne2 Qc7 17. Ng3 bxa4 18. Rxa4 Rab8 19. b4 Nd7 20. Qa3 Rb7 21. Be3 c5 22. bxc5 Nxc5 23. Rc4 Qb6 24. Bxc5 dxc5 25. Qxc5 Qxc5 26. Rxc5 Ra8 27. Ra5 Rb2 28. c4 Bd4 29. Rd5 e5 30. Kh2 Rxf2 31. Rxf2 Bxf2 32. Ra5 Rd8 33. Rxe5 Rxd3 34. Nh1 Be3 35. Rd5 Rc3 36. g4 Rxc4 37. e5 Kg7 38. Kg2 Bb6 39. Ng3 a5 40. Rd7 Rc7 41. Rd6 Bc5 42. Ra6 Ra7 43. Rc6 Bd4 44. e6 fxe6 45. Rxe6 a4 46. Re2 a3 47. Ra2 Bb2 48. Ne4 Rc7 49. Kf3 Rc1 0-1